000 00292nam a22001337a 4500
008 170802b xxu||||| |||| 00| 0 eng d
020 _a9780787943134
041 _aeng
080 _a004
100 _a32
101 _aSHKI
245 _aDISTANCE TRAINING
_cSCHREIBER, D.A
942 _2udc
_cBK
999 _c22474
_d22474